00178nam a2200073Ia 4500082000800000245002300008100003200031008004100063 aAND 0aGates of paradise  a ANDREWS, Virginia 1989 210817s9999 xx 000 0 und d